| 000 | 00584nam a22002177a 4500 | ||
|---|---|---|---|
| 005 | 20220514093141.0 | ||
| 008 | 220514b ||||| |||| 00| 0 eng d | ||
| 040 | _cAloy | ||
| 041 | _aeng | ||
| 082 |
_223 _a170 _bRAYG |
||
| 100 |
_aBenoy Gopal Ray _936888 |
||
| 245 | _aGandhian ethics | ||
| 260 |
_aAhmedabad: _bNavajivan Publishing House, _c1958. |
||
| 300 |
_axii,60p. _bPB _c18x12cm. |
||
| 365 | _2Ethics | ||
| 650 |
_aEthics _936884 |
||
| 650 |
_aGandhian Philosophy _936885 |
||
| 650 |
_aEthical Religion _936886 |
||
| 700 |
_aRAY (Benoy Gopal) _936887 |
||
| 942 |
_2ddc _cGF |
||
| 999 |
_c222923 _d222923 |
||